Jeux Vidéo Par Lettre - Lettre "B" - Statistiques

Statistiques générales
  • Ce quiz a été pris 90 fois
  • Le résultat moyen est 7 sur 15
Statistiques - réponses
Indice Réponse % Correct
Dans Mario, quel est le grand méchant qui enlève souvent Peach ? Bowser
97%
Dans Mario Kart, quel objet fait glisser les karts quand on roule dessus ? Banane
90%
Que doit-on poser/désamorcer dans les jeux counter strike ? Une bombe
88%
Lequel des 3 starter, de la 1ère génération de pokemon, possède le type plante ? Bulbizarre
83%
Comment s'appel le jeu de guerre à grande échelle souvent présenté comme le rival de Call of Duty ? Battlefield
76%
Que récupère-t-on quand on casse un arbre à la main sur Minecraft ? Bûche
62%
Dans Minecraft, quel ennemi se trouve dans les forteresse du nether et crache des flammes ? Blaze
59%
Dans Clash Royale, quelle troupe volante est un squelette monté sur un ballon explosif ? Ballon
53%
Dans Overwatch, quel robot tank recouvert de mousse possède un mode tourelle ? Bastion
29%
Comment s'appel le lapin bleu dans Five Nights at Freddy's ? Bonnie
24%
Dans Zelda, quel type de monstre est un énorme cochon sauvage dans plusieurs jeux ? Bokoblin
18%
Dans Sonic, quel personnage est un gros chat violet pêcheur ? Big The Cat
13%
Quel est le "nom humain" des "Jiralhanaes" dans Halo ? Brute
6%
Comment s'appelle la grosse grenouille préhistorique trouvable dans ARK ? Beelzebufo
4%
Quel est le nom anglais de "Aurore" dans Dispatch ? Blond Blazer
1%
Aucun quiz correspondant
Distribution des résultats
% des personnes avec chaque résultat
Percentile par nombre de réponses
Votre historique - résultats
Vous n’avez pas pris ce quiz